Detalles MARC
| 000 -LEADER |
| campo de control de longitud fija |
02093nam a2200397 4500 |
| 003 - IDENTIFICADOR DE NÚMERO DE CONTROL |
| campo de control |
PE-LiUPU |
| 005 - FECHA Y HORA DE LA ÚLTIMA TRANSACCIÓN |
| campo de control |
20250731173118.0 |
| 008 - DATOS DE LONGITUD FIJA--INFORMACIÓN GENERAL |
| campo de control de longitud fija |
210816n 000 0 eng u |
| 020 ## - NÚMERO INTERNACIONAL ESTÁNDAR DEL LIBRO |
| Número Internacional Estándar del Libro |
9789004236738 |
| 035 ## - NÚMERO DE CONTROL DEL SISTEMA |
| Número de control de sistema |
(Sirsi) a252877 |
| 082 1# - NÚMERO DE LA CLASIFICACIÓN DECIMAL DEWEY |
| Número de clasificación |
262.140902 |
| Cutter |
C2 |
| 245 02 - MENCIÓN DEL TÍTULO |
| Título |
A companion to priesthood and Holy Orders in the Middle Ages / |
| Mención de responsabilidad, etc. |
/edited by Greg Peters, C. Colt Anderson. |
| 264 ## - PRODUCCIÓN, PUBLICACIÓN, DISTRIBUCIÓN, FABRICACIÓN Y COPYRIGHT |
| Producción, publicación, distribución, fabricación y copyright |
Boston : |
| Nombre del de productor, editor, distribuidor, fabricante |
Brill, |
| Fecha de producción, publicación, distribución, fabricación o copyright |
2015. |
| 300 ## - DESCRIPCIÓN FÍSICA |
| Extensión |
[XI] 387 páginas, |
| Dimensiones |
24 centímetros. |
| 490 0# - MENCIÓN DE SERIE |
| Mención de serie |
(Brill's companions to the Christian tradition, |
| Número Internacional Normalizado para Publicaciones Seriadas |
ISSN1871-6377; |
| -- |
62) |
| 505 0# - NOTA DE CONTENIDO CON FORMATO |
| Nota de contenido con formato |
Apostolic Successors: Priests and Priesthood, Bishops, and Episcopacy in Medieval Wesstern Europe. -Ordinatio and the Priesthood in the Early Middle Ages and Its Visual Depiction. -Priesthook in the Byzantine Empire. -Married Clergy in Easstern an Western Chritianity. -The imago Chrsti in the Bishop, Priest, and Clergy. -Priest and the Eucharuist in the Middle Ages. -The Priesthood and the Sacrament of Marriage. -Teaching Confession in Thirteenth-Century England: Priests an Laity. -Reforming Priests and the Diverse Rhetorics of Ordination and Office form 1123-1418. -The Radical Renewal of Pastoral Care int the Italian Communes, 1150-1250: Prelates, Secular Clergy, and the Mendicant Orders. -From Function to Ontology: The Shifting Diaconate of the Middle Ages. |
| 526 ## - NOTA DE INFORMACIÓN SOBRE EL PROGRAMA DE ESTUDIO |
| Nombre del programa |
Segunda Especialidad En Profecías Bíblicas |
| 526 ## - NOTA DE INFORMACIÓN SOBRE EL PROGRAMA DE ESTUDIO |
| Nombre del programa |
Segunda Especialidad En Nuevo Testamento |
| 526 ## - NOTA DE INFORMACIÓN SOBRE EL PROGRAMA DE ESTUDIO |
| Nombre del programa |
Segunda Especialidad En Antiguo Testamento |
| 526 ## - NOTA DE INFORMACIÓN SOBRE EL PROGRAMA DE ESTUDIO |
| Nombre del programa |
Segunda Especialidad En Estudios Adventistas |
| 526 ## - NOTA DE INFORMACIÓN SOBRE EL PROGRAMA DE ESTUDIO |
| Nombre del programa |
Doctorado en teología |
| 526 ## - NOTA DE INFORMACIÓN SOBRE EL PROGRAMA DE ESTUDIO |
| Nombre del programa |
Maestría en teología histórica |
| 526 ## - NOTA DE INFORMACIÓN SOBRE EL PROGRAMA DE ESTUDIO |
| Nombre del programa |
Maestría en teología bíblica |
| 526 ## - NOTA DE INFORMACIÓN SOBRE EL PROGRAMA DE ESTUDIO |
| Nombre del programa |
Maestría en teología |
| 526 ## - NOTA DE INFORMACIÓN SOBRE EL PROGRAMA DE ESTUDIO |
| Nombre del programa |
Maestría en misionología |
| 526 ## - NOTA DE INFORMACIÓN SOBRE EL PROGRAMA DE ESTUDIO |
| Nombre del programa |
Maestría en liderazgo eclesiástico |
| 526 ## - NOTA DE INFORMACIÓN SOBRE EL PROGRAMA DE ESTUDIO |
| Nombre del programa |
Teología |
| 598 ## - |
| -- |
CATALOGING |
| 596 ## - |
| -- |
1 |
| 650 14 - PUNTO DE ACCESO ADICIONAL DE MATERIA--TÉRMINO DE MATERIA |
| Término de materia o nombre geográfico como elemento de entrada |
Monaquismo y órdenes religiosas |
| Subdivisión general |
Historia |
| Subdivisión cronológica |
Edad Media. |
| 650 24 - PUNTO DE ACCESO ADICIONAL DE MATERIA--TÉRMINO DE MATERIA |
| Término de materia o nombre geográfico como elemento de entrada |
Sacerdocio |
| Subdivisión general |
Historia. |
| 650 24 - PUNTO DE ACCESO ADICIONAL DE MATERIA--TÉRMINO DE MATERIA |
| Término de materia o nombre geográfico como elemento de entrada |
Diáconos |
| Subdivisión general |
Historia. |
| 942 ## - ELEMENTOS DE ENTRADA SECUNDARIOS (KOHA) |
| Fuente del sistema de clasificación o colocación |
Clasificación Decimal Dewey |
| Tipo de ítem Koha |
|
| 949 ## - PROCESAMIENTO DE INFORMACIÓN LOCAL (OCLC) |
| a |
262.140902 C2 |
| w |
DEWEY |
| c |
1 |
| i |
70892 |
| m |
BC |
| p |
205.00 |
| r |
0 |
| s |
Y |
| t |
LIBRO |
| u |
2021-04-20 |
| x |
FACTEO |
| z |
Teología |
| o |
STAFF. Colección General |
| 999 ## - NÚMEROS DE CONTROL DE SISTEMA (KOHA) |
| -- |
DEWEY |
| -- |
70892 |
| -- |
2022-6-8 |
| -- |
1 |
| -- |
CCODEBUL1 |
| -- |
BUL |
| -- |
205.00 |
| -- |
0 |
| -- |
Y |
| -- |
BOOK |
| -- |
2021-8-16 |
| -- |
TEOLOGIA |
| -- |
P35 |
| -- |
UNKNOWN |
| 980 ## - EQUIVALENCIA O REFERENCIA-CRUZADA-MENCIÓN DE SERIE--NOMBRE DE PERSONA/TÍTULO [LOCAL, CANADÁ] |
| ID del último usuario que modificó el registro |
1 |
| Nombre del último usuario que modificó el registro |
ALBERTO SANCHEZ Responsable de Automatización |